Najludniejsze państwa Azji 2100 Procenty - Statystyki

Ogólne statystyki
  • Ten quiz został rozwiązany 270 razy
  • Średni wynik to 12 z 15
Statystyki odpowiedzi
lp. % Azji Kraj % Poprawnych
2 22,5% Chiny
100%
1 30% Indie
99%
10 1,5% Japonia
94%
4 6,7% Indonezja
91%
7 2% Iran
89%
3 8,5% Pakistan
86%
8 2% Wietnam
83%
5 3,1% Bangladesz
81%
14 0,9% Tajlandia
80%
12 1,4% Turcja
77%
6 3% Filipiny
73%
11 1,5% Afganistan
68%
9 1,1% Mjanma
67%
15 0,8% Uzbekistan
51%
13 1,1% Jemen
48%
Nie znaleziono quizów pasujących do podanych kryteriów
Rozkład punktacji
Procent ludzi z każdym wynikiem
Percentyl według liczby udzielonych odpowiedzi
Twoja historia wyników
Nie rozwiązałeś tego quizu